_Reading For Concepts (2ed ed) (Record no. 12521)
[ view plain ]
| 000 -LEADER | |
|---|---|
| fixed length control field | 00430nam a2200157Ia 4500 |
| 008 - FIXED-LENGTH DATA ELEMENTS--GENERAL INFORMATION | |
| fixed length control field | 151021s9999 xx 000 0 und d |
| 020 ## - INTERNATIONAL STANDARD BOOK NUMBER | |
| International Standard Book Number | 791511081 |
| 050 ## - LIBRARY OF CONGRESS CALL NUMBER | |
| Classification number | PE 1128 .L 1988 |
| 245 ## - TITLE STATEMENT | |
| Title | _Reading For Concepts (2ed ed) |
| 260 ## - PUBLICATION, DISTRIBUTION, ETC. (IMPRINT) | |
| Place of publication, distribution, etc. | U.S.A Don Heading 1988 |
| 300 ## - PHYSICAL DESCRIPTION | |
| Extent | 192p,;Ill |
| 500 ## - GENERAL NOTE | |
| General note | Includes Index |
| 500 ## - GENERAL NOTE | |
| General note | Includes Index |
| 650 ## - SUBJECT ADDED ENTRY--TOPICAL TERM | |
| Topical term or geographic name as entry element | _A migration to America |
| 980 ## - EQUIVALENCE OR CROSS-REFERENCE-SERIES STATEMENT--PERSONAL NAME/TITLE [LOCAL, CANADA] | |
| Personal name | ^d20120827 03:49:24^okorir |
No items available.